El aprendizaje y la memoria

Guardat en:
Dades bibliogràfiques
Autor principal: Norman, Donald A. (autor)
Format: Llibre
Idioma:espanyol
Publicat: Madrid Alianza 1985
Edició:1a. ed
Col·lecció:Alianza Psicología
Matèries:
Etiquetes: Afegir etiqueta
Sense etiquetes, Sigues el primer a etiquetar aquest registre!

MARC

LEADER 00000nam a2200000 a 4500
001 UCQ7600
003 CL-VaPUC
008 981113e19850000SP |||||||||||||||||spa|d
020 |a 8420665053 
082 0 4 |a 153.1  |b NOR  |2 21 
100 |a Norman, Donald A.  |e autor  |9 339952 
245 1 3 |a El aprendizaje y la memoria 
250 |a 1a. ed 
300 |a 163 p 
942 |c BK 
945 |d 19981113 00:00:00  |a crobeson 
260 |a Madrid  |b Alianza  |c 1985 
650 0 |a Memoria  |9 266549 
650 0 |a Aprendizaje   |9 254827 
650 0 |a Psicología cognitiva   |9 306250 
650 0 |a Percepción   |9 266750 
650 0 |a Cognición   |9 270347 
650 7 |a INTELIGENCIA ARTIFICIAL  |2 CL-VaPUC  |9 421367 
583 |a last modification  |c 19981113 00:00:00  |k Rodrigo Vera 
490 0 |a Alianza Psicología 
999 |c 277128  |d 277126 
952 |0 0  |1 0  |4 0  |6 153_100000000000000_NOR_1985  |7 0  |8 A  |9 314874  |a FDOPOS  |b FDOPOS  |d 2019-11-20  |i 1493558  |o 153.1 NOR 1985  |p 1493558  |r 2025-01-22  |w 2019-11-20  |y BK  |k MLA 
952 |0 0  |1 0  |4 0  |6 153_100000000000000_NOR_1985  |7 0  |8 A  |9 314875  |a BIBEDU  |b BIBEDU  |d 2019-11-20  |i 4594762  |o 153.1 NOR 1985  |p 4594762  |r 2019-11-20  |w 2019-11-20  |y BK  |k BME